000 00636nab a2200181 4500
001 244442
003 OSt
005 20230726115148.0
007 tu
008 200917s2020|||||||
040 _aDE-2950
_cDE-2950
245 0 0 _aIllegales Geschäft mit Welpen.
_bMarkt. Der Handel mit Hunden aus Polen boomt. In Slubice werden die Tiere weiter verkauft. Tierschützer sind jetzt Züchtern ganz in der Nähe auf die Spur gekommen/
_cLisa Mahlke
264 _c2023
653 _aSlubice
653 _aIllegaler Welpenhandel
773 0 _g34. Jahrgang (2023) Nr. 161 vom 13.07.2023, S. 16 , mit Foto
_tMärkische Oderzeitung
942 _2z
_cA
999 _c372622
_d372622